000 00784nam a2200229Ia 4500
001 17078
003 GE_BSU
008 181216s||||||||xx |||||||||||||| ||und||
040 _cGE_BSU
080 _a821.161.1-31
100 _aშიშკოვი, ვ.
245 _aუგრიუმ-მდინარე : რომანი 2 წიგნად. წ. 2.
245 _bრომანი
245 _cრედ.: კ. ლორთქიფანიძე ; თარგმ. თ. ჯავახიშვილმა
260 _aთბილისი
260 _bსაბჭ. საქართველო
260 _c1962
300 _a545 გვ.20 სმ.
653 _aრომანი
653 _aუგრიუმ-მდინარე
942 _cBK
999 _c50140
_d50140